| 000 | 00427nam a2200133 a 4500 | ||
|---|---|---|---|
| 001 | 000045753 | ||
| 005 | 20201002052426.0 | ||
| 008 | 150511s2015 000 spa d | ||
| 020 | _a9789945892536 | ||
| 245 | 0 |
_aPara no cansarles con el cuento :. : _bmicrocuentos del taller de la creación literaria experimental coliné. |
|
| 260 |
_aSanto Domingo : _bLetra Erguida, _c2015. |
||
| 300 |
_a83 p. ; _c22 cm. |
||
| 999 |
_c45242 _d45242 |
||
| 040 | _aDO-SdBNP | ||